Gods of the Mexica - Statistics

General Stats
  • This quiz has been taken 5 times
  • The average score is 4 of 21
Answer Stats
Hint Answer % Correct
Feathered serpent god linked to wisdom, wind, and the creation of humanity Quetzalcoatl
100%
God of rain and fertility Tlaloc
100%
Aztec god associated with war, sacrifice, and the sun Huitzilopochtli
50%
The Smoking Mirror Tezcatlipoca
50%
The Fifth Sun Tonatiuh
50%
Ruler of the underworld, Mictlan Mictlantecuhtli
25%
Our Lord, the Flayed One Xipe Totec
25%
She of the Jade Skirt Chalchiuhtlicue
0%
Goddess of nourishment Chicomecóatl
0%
Goddess of childbirth, war mothers, and midwives Cihuacoatl
0%
Goddess of the moon, fertility, and childbirth Coyolxauhqui
0%
God of cold, punishment, and justice Itztlacoliuhqui
0%
Deity of pulque, drunkenness, and revelry Mayahuel
0%
God of hunting and the stars of the north Mixcoatl
0%
Female aspect of creator deity Omecihuatl
0%
Male aspect of above god Ometecuhtli
0%
Creator deity of duality, life, and cosmic balance Ometeotl
0%
God of fishing, hunting, bird snaring Opochtli
0%
Goddess of earth and life Tlaltecuhtli
0%
God of fire, time, and household hearths Xiuhtecuhtli
0%
Patron deity of merchants and travellers Yacatecuhtli
0%
No matching quizzes found
Score Distribution
Percent of People with Each Score
Percentile by Number Answered
Your Score History
You have not taken this quiz